[Event "63rd ch-RUS"]
[Site "Moscow RUS"]
[Date "2010.12.19"]
[Round "8"]
[White "Khismatullin,D"]
[Black "Tomashevsky,E"]
[Result "1/2-1/2"]
[WhiteElo "2659"]
[BlackElo "2699"]

1.d4 Nf6 2.c4 e6 3.Nc3 Bb4 4.e3 O-O 5.Bd3 d5 6.cxd5 exd5 7.Ne2 Re8 8.Bd2 Bf8
9.O-O Nc6 10.Ng3 Ne7 11.b4 Ng6 12.b5 Bd6 13.Nf5 Bxf5 14.Bxf5 Nh4 15.Bh3 Ne4
16.Be1 Qg5 17.g3 Qg6 18.Bg4 Nxc3 19.Bxc3 Re4 20.Bh3 Qh6 21.a3 Rxe3 22.fxe3 Qxe3+
23.Kh1 Qe4+ 24.Kg1 Qe3+ 25.Rf2 Qxc3 26.Rb1 Re8 27.Qh5 Ng6 28.Qxd5 Nf4 29.gxf4 Qxh3
30.Qf3 Qf5 31.Rb3 g6 32.Re3 Rxe3 33.Qxe3 Qb1+ 34.Kg2 Qxb5 35.f5 Qd7 36.h4 Be7
37.Qe4 Qd6 38.Rf3 Bf6 39.d5 Kg7 40.fxg6 hxg6 41.a4 b6 42.Kh3 Qd7+ 43.Kg2 Qd6
44.Kh3 Qe5 45.Re3 Qa1 46.Re1 Qc3+ 47.Re3 Qa1 48.Re1 Qc3+  1/2-1/2

[Event "20th TCh-RUS 2013"]
[Site "Loo RUS"]
[Date "2013.04.12"]
[Round "6"]
[White "Atalik,S"]
[Black "Tomashevsky,E"]
[Result "1/2-1/2"]
[WhiteElo "2593"]
[BlackElo "2722"]

1.d4 Nf6 2.c4 e6 3.Nc3 Bb4 4.e3 c5 5.Bd3 Nc6 6.Ne2 cxd4 7.exd4 d5 8.cxd5 Nxd5
9.O-O O-O 10.Nxd5 exd5 11.Nf4 Bd6 12.Re1 Bxf4 13.Bxf4 Qf6 14.Qh5 h6 15.Be5 Nxe5
16.Qxe5 Qxe5 17.Rxe5 Rd8 18.Rc1 Be6 19.f4 Rac8 20.Rxc8 Bxc8 21.Re1 Bd7 22.Rc1 Rc8
23.Rc5 b6 24.Rxc8+ Bxc8 25.f5 Kf8 26.Kf2 Ke7 27.Ke3 Kf6 28.Kf4 g6 29.fxg6 fxg6
30.h4 g5+ 31.hxg5+ hxg5+ 32.Kf3 Bf5 33.Bxf5 Kxf5 34.g4+ Ke6 35.b4 Kd6 36.b5 Ke6
37.a4 Kd6 38.Kg2 Kc7 39.Kh1 Kb7 40.Kg1 a5 41.Kh2  1/2-1/2

[Event "XXII TCh-MKD 2013"]
[Site "Struga MKD"]
[Date "2013.08.03"]
[Round "6.1"]
[White "Georgiev,Vl"]
[Black "Tomashevsky,E"]
[Result "1/2-1/2"]
[WhiteElo "2544"]
[BlackElo "2709"]

1.d4 Nf6 2.c4 e6 3.Nc3 Bb4 4.e3 O-O 5.Bd3 d5 6.Ne2 dxc4 7.Bxc4 Be7 8.O-O c5
9.a3 Nc6 10.Ba2 b6 11.d5 exd5 12.Nxd5 Ba6 13.Re1 Nxd5 14.Bxd5 Rc8 15.e4 Bf6
16.Nf4 Ne7 17.Qa4  1/2-1/2

[Event "Gibraltar Masters 2014"]
[Site "Caleta ENG"]
[Date "2014.01.29"]
[Round "2.6"]
[White "Docx,S"]
[Black "Tomashevsky,E"]
[Result "1/2-1/2"]
[WhiteElo "2468"]
[BlackElo "2715"]

1.d4 Nf6 2.c4 e6 3.Nc3 Bb4 4.e3 c5 5.Bd3 Nc6 6.Ne2 cxd4 7.exd4 d5 8.cxd5 Nxd5
9.O-O O-O 10.Bc2 Bd6 11.Nxd5 exd5 12.Bf4 Bg4 13.f3 Be6 14.Bxd6 Qxd6 15.Qd2 Rac8
16.Rac1 b6 17.Bd3 Qb4 18.Qxb4 Nxb4 19.Bb1 Rfd8 20.Kf2 Kf8 21.Rfe1 Rxc1 22.Rxc1 Rc8
23.Rxc8+ Bxc8 24.Nc3 Be6 25.Ke3 Ke7 26.h3 g6 27.g4 f6 28.h4 Nc6 29.Bc2 Bf7
30.h5 gxh5 31.gxh5 h6 32.Bg6 Be6 33.Ne2 Kd6 34.Ng3 Ne7 35.Kf4 Bd7 36.Bf7 Bc8
37.Bg6 Bd7  1/2-1/2